Reglamento de buceo para buzos profesionales

Guardat en:
Dades bibliogràfiques
Autor corporatiu: Armada de Chile (Autor)
Format: Llibre
Idioma:espanyol
Publicat: Valparaíso Dirección General del Territorio Marítimo y de Marina Mercante 1998
Col·lecció:Público, TM-035
Matèries:
Etiquetes: Afegir etiqueta
Sense etiquetes, Sigues el primer a etiquetar aquest registre!

MARC

LEADER 00000nam a2200000 a 4500
001 UCM9162
003 CL-VaPUC
008 030411e19980000CL |||||||||||||||||spa|d
082 0 4 |a 627.72  |b ARM  |2 21 
110 2 |a Armada de Chile  |e author  |9 475593 
245 1 0 |a Reglamento de buceo para buzos profesionales 
300 |a 72 p 
942 |c BK 
945 |d 20030411 00:00:00  |a cmena 
260 |a Valparaíso  |b Dirección General del Territorio Marítimo y de Marina Mercante  |c 1998 
650 7 |a BUCEO  |2 CL-VaPUC  |9 261889 
650 0 |a Derecho marítimo  |9 255301 
650 7 |a LEGISLACION  |2 CL-VaPUC  |9 475594 
583 |a last modification  |c 20121220 10:32:02  |k Rodrigo Vera 
490 0 |a Público, TM-035 
999 |c 303538  |d 303536 
952 |0 0  |1 0  |4 0  |6 627_720000000000000_ARM_1998  |7 0  |8 CCM  |9 364888  |a BIBCUR  |b BIBCUR  |d 2019-11-21  |i 3894630  |o 627.72 ARM 1998  |p 3894630  |r 2025-04-22  |w 2019-11-21  |y BK  |k CIM